| 000 | 00953cam a2200325 a 4500 | ||
|---|---|---|---|
| 001 | 3030750 | ||
| 003 | OSt | ||
| 005 | 20151015135645.0 | ||
| 008 | 950112s1993 ph a b 000 0ceng | ||
| 010 | _a 94940777 | ||
| 020 | _a9712703258 | ||
| 040 |
_aDLC _cDLC _dDLC |
||
| 042 | _alcode | ||
| 043 | _aa-ph--- | ||
| 050 | 0 | 0 |
_aDS 653 _b.M299 1993 |
| 082 |
_aFIL 920 _bM323 1993 |
||
| 245 | 0 | 0 |
_aSix modern Filipino heroes /; _cedited by Asuncion David Maramba. |
| 250 | _a1st ed. | ||
| 260 |
_aPasig, Metro Manila : _bAnvil Pub., _c1993 |
||
| 300 |
_a271 p. : _bill. ; _c22 cm. |
||
| 650 | 0 |
_aHeroes _zPhilippines _xBiography. |
|
| 651 | 0 |
_aPhilippines _xHistory _y1946-1986 _xBiography. |
|
| 700 | 1 | _aMaramba, Asuncion David. | |
| 740 | 0 | _a6 modern Filipino heroes. | |
| 906 |
_a7 _bcbc _corigode _d3 _encip _f19 _gy-gencatlg |
||
| 942 |
_2lcc _cBK |
||
| 999 |
_c1634 _d1634 |
||